000 00499nam a2200193Ia 4500
005 20250203061023.0
008 240331s9999 xx 000 0 und d
020 _a0691021910
082 _bOKI
_21159
_a305.4
100 _aOkin, S. M
245 0 _aWomen in Western Political Thought
260 _aNew Jersey;
_aOxford
_bPrinceton University Press
_c1979
300 _aix, 413 p.,
650 _aWomen
650 _aWestern Politics
650 _aFunctionalism
650 _aMisogyny
942 _cL
999 _c1682
_d1682